|
|
|
|
| LEADER |
00000cam a2200000 7i4500 |
| 001 |
0000002532 |
| 005 |
20030806.0 |
| 020 |
0 |
0 |
|a 2880329116
|
| 090 |
0 |
0 |
|a 346.04675
|b HPA 1986
|
| 100 |
1 |
0 |
|a HPAY
|h Terence
|
| 245 |
0 |
4 |
|a The International Tropical Timber Agreement :
|b its prospects for tropical timber trade, development and forest management
|c by Terence Hpay
|
| 260 |
0 |
0 |
|a Cambridge :
|b IUCN ,
|c 1986
|
| 300 |
|
|
|a 19 p. ;
|c 30 cm.
|
| 440 |
0 |
0 |
|a IUCN/IIED tropical forest policy paper; no. 3
|
| 650 |
0 |
0 |
|a Forest management
|
| 650 |
0 |
0 |
|a Forestry law and legislation
|
| 650 |
0 |
0 |
|a Sustainable forestry
|
| 710 |
1 |
1 |
|a International Tropical Timber Organisation (ITTO)
|
| 710 |
1 |
1 |
|a International Union for Conservation of Nature and Natural Resources (IUCN)
|
| 998 |
|
|
|a JPSM
|
| 999 |
|
|
|a 0000004281
|b Monograph
|c Open Shelf
|e Default branch
|
| 999 |
|
|
|a 0000004708
|b Monograph
|c Reference
|e Default branch
|